| 000 | 00629nam a2200193 i 4500 | ||
|---|---|---|---|
| 001 | 134016 | ||
| 003 | ES-MaACL | ||
| 005 | 20230906194559.0 | ||
| 007 | t| | ||
| 008 | 070904s1955 sp ||||1| spa d | ||
| 080 | _a943"1933/45"(047) | ||
| 100 | 1 |
_aWarburg, Sidney. _9116063 |
|
| 245 | 1 | 3 |
_aEl dinero de Hitler / _cSidney Warburg ; prólogo y ampliaciones históricas de Mauricio Carlavilla, "Mauricio Karl". |
| 260 |
_aMadrid : _bNos, _c1955. |
||
| 300 |
_a284 p., 2 lám. ; _c23 cm. |
||
| 651 | 4 |
_aAlemania- _xHistoria- _y1933-1945. _97663 |
|
| 700 | 1 |
_aCarlavilla, Mauricio. _935255 |
|
| 852 |
_aES-MaACL _jC-9953 _bR.37575 |
||
| 999 |
_c134016 _d134016 |
||